LEADER 01863nas 2200493-a 450 001 996234828203316 005 20240413025316.0 011 $a2422-3174 035 $a(CKB)991042726856328 035 $a(CONSER)---81645641- 035 $a(MiAaPQ)1806345 035 $a(DE-599)ZDB2558994-5 035 $a(EXLCZ)99991042726856328 100 $a20790817a19799999 --- b 101 0 $aspa 200 00$aLingüística y literatura $erevista del Departamento de Español 210 $aMedellín, Colombia $cDepartamento de Español 215 $a1 online resource 311 08$aPrint version: Lingüística y literatura : 0120-5587 (DLC) 81645641 (OCoLC)5285172 531 0 $aLingüist. lit. 606 $aPhilology$vPeriodicals 606 $aLatin American literature$vPeriodicals 606 $aLatin American literature$xHistory and criticism$vPeriodicals 606 $aFILOLOGIA$xPUBLICACIONES PERIODICAS$2renib 606 $aLITERATURA LATINOAMERICANA$xPUBLICACIONES PERIODICAS$2renib 606 $aLatin American literature$2fast$3(OCoLC)fst00993031 606 $aPhilology$2fast$3(OCoLC)fst01060694 608 $aCriticism, interpretation, etc.$2fast 608 $aPeriodicals.$2fast 615 0$aPhilology 615 0$aLatin American literature 615 0$aLatin American literature$xHistory and criticism 615 7$aFILOLOGIA$xPUBLICACIONES PERIODICAS. 615 7$aLITERATURA LATINOAMERICANA$xPUBLICACIONES PERIODICAS. 615 7$aLatin American literature. 615 7$aPhilology. 676 $a409/.8 712 02$aUniversidad de Antioquia.$bDepartamento de Español. 712 02$aUniversidad de Antioquia.$bDepartamento de Lingüística y Literatura. 906 $aJOURNAL 912 $a996234828203316 920 $aexl_impl conversion 996 $aLingüística y literatura$91887841 997 $aUNISA LEADER 03357nam 2200697Ia 450 001 9910972930803321 005 20251116203807.0 010 $a9786611924430 010 $a9781281924438 010 $a1281924431 010 $a9789812772749 010 $a981277274X 035 $a(CKB)1000000000413818 035 $a(StDuBDS)AH24684384 035 $a(SSID)ssj0000199105 035 $a(PQKBManifestationID)11181098 035 $a(PQKBTitleCode)TC0000199105 035 $a(PQKBWorkID)10187944 035 $a(PQKB)11436701 035 $a(MiAaPQ)EBC1679871 035 $a(WSP)00006255 035 $a(Au-PeEL)EBL1679871 035 $a(CaPaEBR)ebr10201394 035 $a(CaONFJC)MIL192443 035 $a(OCoLC)879024169 035 $a(Perlego)848563 035 $a(EXLCZ)991000000000413818 100 $a20070627d2006 uy 0 101 0 $aeng 135 $aur||||||||||| 181 $ctxt 182 $cc 183 $acr 200 10$aMathematical logic in Asia $eproceedings of the 9th Asian Logic Conference, Novosibirsk, Russia, 16-19 August 2005 /$feditors, S.S. Goncharov, R. Downey, H. Ono 205 $a1st ed. 210 $aSingapore ;$aHackensack, NJ $cWorld Scientific$dc2006 215 $a1 online resource (328p.) 300 $aBibliographic Level Mode of Issuance: Monograph 311 08$a9789812700452 311 08$a9812700455 320 $aIncludes bibliographical references. 327 $aAnother Characterization of the Deduction-Detachment Theorem (S V Babyonyshev); On Behavior of 2-Formulas in Weakly o-Minimal Theories (B S Baizhanov 38; B Sh Kulpeshov); Arithmetic Turing Degrees and Categorical Theories of Computable Models (E Fokina); Negative Data in Learning Languages (S Jain 38; E Kinber); Effective Cardinals in the Nonstandard Universe (V Kanovei 38; M Reeken); Model-Theoretic Methods of Analysis of Computer Arithmetic (S P Kovalyov); The Functional Completeness of Leniewski's Systems (F Lepage); Hierarchies of Randomness Tests (J Reimann 38; F Stephan); Intransitive Linear Temporal Logic Based on Integer Numbers, Decidability, Admissible Logical Consecutions (V V Rybakov); The Logic of Prediction (E Vityaev); Conceptual Semantic Systems Theory and Applications (K E Wolff); Complexity Results on Minimal Unsatisfiable Formulas (X Zhao); and other papers. 330 $aDevoted to the main areas of mathematical logic and applications to computer science, this volume features articles on weakly o-minimal theories, algorithmic complexity of relations, models within the computable model theory, hierarchies of randomness tests, computable numberings, and complexity problems of minimal unsatisfiable formulas. 517 1 $aProceedings of the 9th Asian Logic Conference 517 3 $aNinth Asian Logic Conference 606 $aLogic, Symbolic and mathematical$vCongresses 606 $aMathematics$vCongresses 615 0$aLogic, Symbolic and mathematical 615 0$aMathematics 676 $a511.3 701 $aDowney$b R. G$g(Rod G.)$0930867 701 $aGoncharov$b S. S$01801609 701 $aOno$b Hiroakira$0990529 712 12$aAsian Logic Conference. 801 0$bMiAaPQ 801 1$bMiAaPQ 801 2$bMiAaPQ 906 $aBOOK 912 $a9910972930803321 996 $aMathematical logic in Asia$94346966 997 $aUNINA LEADER 03159nam 2200673Ia 450 001 9910958519303321 005 20251117095335.0 010 $a1-136-62287-X 010 $a1-136-62288-8 010 $a0-203-80152-0 024 7 $a10.4324/9780203801529 035 $a(CKB)2550000000097504 035 $a(EBL)958290 035 $a(OCoLC)798532171 035 $a(SSID)ssj0000652916 035 $a(PQKBManifestationID)11940334 035 $a(PQKBTitleCode)TC0000652916 035 $a(PQKBWorkID)10659397 035 $a(PQKB)11680227 035 $a(MiAaPQ)EBC958290 035 $a(Au-PeEL)EBL958290 035 $a(CaPaEBR)ebr10542141 035 $a(CaONFJC)MIL761446 035 $a(OCoLC)785925579 035 $a(EXLCZ)992550000000097504 100 $a20110510d2012 uy 0 101 0 $aeng 135 $aur|n|---||||| 181 $ctxt 182 $cc 183 $acr 200 10$aGnostic apocalypse and Islam $eQur'an, exegesis, messianism and the literary origins of the Babi religion /$fTodd Lawson 210 $aAbingdon, Oxon ;$aN.Y., N.Y. $cRoutledge$d2012 215 $a1 online resource (239 p.) 225 0 $aIranian studies ;$v12 300 $aDescription based upon print version of record. 311 08$a0-367-86466-5 311 08$a0-415-49539-3 320 $aIncludes bibliographical references and index. 327 $aFront Cover; Gnostic Apocalypse and Islam; Copyright Page; Contents; Acknowledgments; Introduction: Qur'an, apocalypse, and gnosis; 1. Commentary and imitation: charismatic text, messianic exegesis; 2. Voices of the text: remembrance and gate; 3. Renewal of covenant: concidentia oppositorum and the primal point; 4. The metaleptic Joseph: the shirt, the Bees, and gnostic apocalypse; Conclusion: hermeneutic spiral; Appendix 1: manuscript of Surat al-Naul; Appendix 2: Surat al-Nahl transcription; Notes; Bibliography; General index; Index of Qur'anic verses 330 $aOf the several works on the rise and development of the Babi movement, especially those dealing with the life and work of its founder, Sayyid Ali Muhammad Shirazi, few deal directly with the compelling and complex web of mysticism, theology and philosophy found in his earliest compositions. This book examines the Islamic roots of the Babi religion, (and by extension the later Baha'i faith which developed out of it), through the Qur'anic commentaries of the Bab and sheds light on its relationship to the wider religious milieu and its profound debt to esoteric Islam, especially Shi'ism 410 0$aIranian studies (London, England) 606 $aBabism$xSacred books$xLanguage, style 606 $aMysticism$xIslam 606 $aMessiah$xIslam 606 $aRevelation$xBabism 615 0$aBabism$xSacred books$xLanguage, style. 615 0$aMysticism$xIslam. 615 0$aMessiah$xIslam. 615 0$aRevelation$xBabism. 676 $a297.9/2 700 $aLawson$b Todd$f1948-$01865051 801 0$bMiAaPQ 801 1$bMiAaPQ 801 2$bMiAaPQ 906 $aBOOK 912 $a9910958519303321 996 $aGnostic apocalypse and Islam$94472069 997 $aUNINA